| 000 | 00901cab a22002415a 4500 | ||
|---|---|---|---|
| 001 | L159162 | ||
| 008 | 120920e20150908xxk 000 0 eng d | ||
| 035 | _a(Sirsi) u159162 | ||
| 041 | 0 | _aeng | |
| 100 | 1 | _aCooper, Keith | |
| 245 | 0 | 0 | _aMake the grade |
| 260 | _c2015 | ||
| 490 |
_aConstruction News _v(7431) 5 February 2016, 18-22(4) |
||
| 520 | _aAnalyses the shortage of schools and demand to increase the classroom capacity and to rebuild or revamp hundreds of schools. Reviews the Priority School Building Programme and the Education Funding Agency framework agreements. | ||
| 590 | _aKA | ||
| 650 | 2 | 4 | _aPRIORITY SCHOOL BUILDING PROGRAMME |
| 650 | 2 | 4 | _aFRAMEWORK AGREEMENTS |
| 650 | 2 | 4 | _aEDUCATION BUILDINGS |
| 651 | 4 |
_aUnited Kingdom _y |
|
| 690 |
_aProcurement _96260 |
||
| 690 | _aBUILT ENVIRONMENT-BUILDING TYPES-EDUCATIONAL, INFORMATION AND SCIENTIFIC FACILITIES | ||
| 942 | _n0 | ||
| 999 |
_c84815 _d84815 |
||